| 000 | 00885nas a2200289 4500 | ||
|---|---|---|---|
| 001 | BR2012005655 | ||
| 003 | BR-BrBNA | ||
| 005 | 20231205120920.0 | ||
| 007 | ta | ||
| 008 | 230509b bl.|||p| |||| 00| 00por d | ||
| 040 |
_aBR-BrBNA _bpor _cBiblioteca Nacional de Agricultura |
||
| 041 | _a(Pt) | ||
| 072 | _aF63 | ||
| 100 | 1 | _aPrudente, C.M. | |
| 100 | 1 | _aSader, R. | |
| 100 | 1 | _aBarbosa, J.M. | |
| 100 | 1 | _aSantos Júnior, N.A. dos | |
| 245 | 1 | _aProdução de sementes e comportamento germinativo de Tibouchina clavata (Pers.)Wurdack. (Melastomataceae) | |
| 650 | _aSEMENTE | ||
| 650 | _aPRODUÇÃO DE SEMENTES | ||
| 650 | _aGERMINAÇÃO | ||
| 650 | _aRESTINGA | ||
| 650 | _aTEMPERATURA | ||
| 773 | 0 |
_tScientia Forestalis (Brazil) _xISSN 1413-9324 _g(Jun 2012), v. 40(94) p. 241-248 _wBR2012005655 |
|
| 909 |
_a202311 _bLúcia _c55 _dLúcia Elande |
||
| 942 |
_2AGRIS _n0 _cANA |
||
| 999 |
_c220961 _d220961 |
||